000 00724nam a22002177a 4500
003 UA-OsUOA
001 111545
007 ta
008 20150525b un ||||| |||| 00| 0 ukr d
100 _aГусєва М.О.
090 _a330(477)
_bГ96
942 _cSA
040 _aUA-OsUOA
_bukr
_cUA-OsUOA
_dUA-OsUOA
245 _aСтруктурні трансформації в економіці регіону: оцінка стану та пріоритети структурної корекції
300 _aС.19-27
955 _a0
041 _aukr
080 _a330(477)
773 0 _w111543
_tРегіональна економіка
_dЛьвів
_d2015
_g1
650 7 _a330 Економіка взагалі
_2UDC
999 _c397683
_d397683